000 00276nam a2200109Ia 4500
999 _c7783
_d7783
082 _a297.64
100 _aMaulana Mohammad Yousuf Kandhlawi
245 0 _aHayatus Sahabah
_bthe lives of the Sahabah
260 _aKarachi
_bDarul Ishaat
_c1993
300 _a782 pages
942 _cBK